| 000 | 00871nam a22002055i 4500 | ||
|---|---|---|---|
| 001 | 158732 | ||
| 003 | ES-MaACL | ||
| 005 | 20250929063228.0 | ||
| 008 | 040903s1892 fr a |||| | fre d | ||
| 040 |
_aCAM _bspa _cCAM |
||
| 100 | 1 |
_aMargerie, Emmanuel de, _d1862-1953 _9129487 |
|
| 245 | 1 | 0 |
_aAperçu de la structure géologique des Pyrénées / _cEmm. de Margerie et Fr. Schrader. |
| 260 |
_aParis : _b[s.n.], _c1892 ( _fTypographie Chamerot et Renouard) |
||
| 300 |
_a65 p., [2] h. de lám. pleg. ; _c23 cm. |
||
| 500 | _aExtrait de l'Annuaire du Club Alpin Français, 18e volume, 1891. | ||
| 650 | 4 |
_aGeología- _zPirineos. _9154256 |
|
| 700 | 1 |
_aSchrader, Franz ( _d1844-1924) _9154257 |
|
| 852 |
_aES-MaACL _jT-907-F-2 _z-- Enc. hol. conservando la cub. original _z-- Enc. en un vol. facticio _z.- Legado Botella y de Hornos |
||
| 999 |
_c158732 _d158732 |
||